000 00364pam a2200157a 44500
008 230515b1975 xxu||||| |||| 00| 0 eng d
020 _aNULL
041 _aENGLISH
082 _aN.D.
100 _aNULL
245 _aIndian Gauging Practice For ISO Matric Screw Threads
250 _a0
260 _aNULL
_bIndian Std.
_c1975
300 _a18
650 _aNULL
999 _c574397
_d574397